| 000 | 00580nam a2200181 i 4500 | ||
|---|---|---|---|
| 001 | 100415 | ||
| 003 | ES-MaACL | ||
| 005 | 20250809023208.0 | ||
| 007 | t| | ||
| 008 | 050928s1964 sp ||||1| spa d | ||
| 100 | 1 |
_aMasa Ortiz, Miguel. _978656 |
|
| 245 | 1 | 0 |
_aLegislación de montes _b: comentarios al Reglamento de 22 de Febrero de 1962 / _cMiguel Masa Ortiz. |
| 260 |
_aBarcelona : _bEd. Nauta, _c1964. |
||
| 300 |
_aXII, 892 p. ; _c25 cm. |
||
| 650 | 7 |
_aDerecho forestal- _zEspaƱa _2 _9148105 |
|
| 852 |
_aES-MaACL _jC-26146 _bR.55060 |
||
| 999 |
_c100415 _d100415 |
||